000 00621nam a2200241Ia 4500
003 OSt
005 20221005120722.0
006 a|||||r|||| 00| 0
007 ta
008 221004b |||||||| |||| 00| 0 eng d
024 _a63333
037 _cTextual
040 _aCRL
_cCRL
_beng
041 _2eng
_aeng
082 _aV236:1:L8, H7.2;K3.1-.2
100 _aBanerjee Indubhushan
_9629565
245 0 _aEvolution of the Khalsa
250 _a2nd
260 _c1947
650 _aHISTORY
942 _hV236:1:L8, H7.2;K3.1-.2
_cTEXL
_2cc
999 _c1038935
_d1038935